01821naa a2200229 a 450000100080000000500110000800800410001902400400006010000220010024501030012226000090022552011290023465000170136365000150138065000250139565000220142065300180144265300290146070000250148970000210151477300560153510266962025-09-04 2025 bl uuuu u00u1 u #d7 a10.54751/revistafoco.v18n9-0272DOI1 aGALEANO, E. A. V. aO valor bruto da producao agropecuaria no Estado do Espirito Santo em 2024.h[electronic resource] c2025 aEste estudo tem o objetivo de contribuir com a disponibilização de dados do Valor Bruto da Produção agropecuária (VBP) a partir de um conjunto de informações institucionais. Apresentamos o VBP do Espírito Santo referente ao ano de 2024, que é estimado em R$ 31,28 bilhões. Dentre os principais grupos da agropecuária, destaca-se a agricultura, que teve participação de 82,2% no VBP, tendo o café, a pimenta-do-reino, a banana, o mamão, o cacau, e o tomate como os principais produtos economicamente significantes. Destaca-se também a produção de origem animal, com 16,68% de participação no VBP, tendo como principais produtos os ovos de galinha, a carne bovina, carne de aves e leite. A diversificação da produção configura-se como uma alternativa para proporcionar renda e emprego aos produtores rurais durante o ano todo, garantindo a sua permanência no meio rural e a sustentabilidade. No entanto, a expressiva valorização do café, especialmente do conilon, alçou a cafeicultura a um novo patamar de protagonismo, concentrando mais da metade do valor gerado no setor agropecuário estadual. aAgronegócio aProdução aProdução Agrícola aProdução Animal aAgropecuária aEspírito Santo (Estado)1 aVINAGRE, D. O. V. B.1 aMACEDO, I. M. S. tREVISTA FOCO, [S. l.]gv. 18, n. 9, p. e9650, 2025.